Nutnosť aplikácie informatiky v práci manažérov a ekonómov v trhových podmienkach

Gespeichert in:
Bibliographische Detailangaben
1. Verfasser: Čarnický, Štefan
Format: Buchkapitel
Sprache:Slowakisch
Tags: Tag hinzufügen
Keine Tags, Fügen Sie das erste Tag hinzu!

MARC

LEADER 00000naa$a2200000$$$4500
001 0104678
005 20240502072140.5
041 0 |a slo 
044 |a SK 
245 1 0 |a Nutnosť aplikácie informatiky v práci manažérov a ekonómov v trhových podmienkach  |c Štefan Čarnický 
100 1 |a Čarnický, Štefan